000 00755nam a22002537i 4500
003 DO-SdBNP
005 20230614092220.0
007 ta
008 230601b2022 sp ||||| |||| 00| 0 spa d
020 _a9789945049015
040 _aDO-SdBNP
_bspa
_cBNPHU
_erda
082 4 _bR696r
_222
100 _983492
245 1 3 _aResultados electorales nivel presidencial 1962-2020, República Dominicana /
_cRoberto Rodríguez Rodríguez
264 4 _aSanto Domingo :
_b[sin nombre],
_c2022.
300 _a182 páginas :
_bilustraciones ;
_c23 cm.
336 _2rdacontent
_atexto
_btxt
337 _2rdamedia
_asin mediación
_bn
338 _2rdacarrier
_avolumen
_bnc
590 _aInventariado, 2023/DG
700 _969986
910 _aDG
942 _2ddc
_cLBS1
999 _c53815
_d53815